[Event "Charlesbourg Le Khalif"]
[Site "Charlesbourg CAN"]
[Date "2004.02.16"]
[Round "2"]
[White "Girard, Bruno"]
[Black "Sauve, Richard"]
[Result "0-1"]
[WhiteElo "1343"]
[BlackElo "1992"]
[PlyCount "148"]
[GameId "2160767911192055"]
[EventDate "2004.02.09"]
[EventType "swiss"]
[EventRounds "5"]
[EventCountry "CAN"]
[SourceTitle "EXT 2005"]
[Source "ChessBase"]
[SourceDate "2004.11.15"]
[SourceVersion "1"]
[SourceVersionDate "2004.11.15"]
[SourceQuality "1"]

1. e4 e6 2. d4 d5 3. exd5 exd5 4. Bd3 Bd6 5. Nf3 Ne7 6. Nc3 c6 7. Ne2 Qc7 8. Ng3 Bg4 9. c3 Nd7 10. Be3 Nf6 11. h3 Be6 12. Ne2 Nf5 13. Bd2 h6 14. Qc2 Ne7 15. O-O-O O-O-O 16. Kb1 Kb8 17. g4 Rde8 18. Ne5 Nd7 19. f4 f6 20. Nxd7+ Bxd7 21. Rhf1 h5 22. f5 hxg4 23. hxg4 Rh2 24. Qc1 Nc8 25. Rde1 Rg2 26. Rg1 Rxg1 27. Rxg1 Rh8 28. Bf4 Rh3 29. Bxd6 Qxd6 30. Nf4 Rf3 31. Rf1 Rxf1 32. Qxf1 Qe7 33. Qf3 Nd6 34. Qg3 Kc7 35. Ng6 Qe8 36. Qh2 Qe3 37. Qe2 Qxe2 38. Bxe2 Nxf5 39. Nf4 Ne3 40. Nh5 Bxg4 41. Bxg4 Nxg4 42. Nxg7 Kd7 43. Kc2 Nf2 44. Kd2 Ne4+ 45. Ke3 Ke7 46. Nh5 Kf7 47. Nf4 Nd6 48. Nd3 Nc4+ 49. Kf4 a5 50. b3 Nd6 51. Nc5 Ke7 52. b4 b6 53. Na4 axb4 54. cxb4 Nc4 55. Nc3 Na3 56. Kg4 b5 57. Kf4 Nc2 58. a4 bxa4 59. Nxa4 Nxd4 60. Nb2 Ne6+ 61. Kf5 Ng7+ 62. Kg6 Ne8 63. Nd3 Ke6 64. Nc5+ Ke5 65. Nd7+ Kd6 66. Nc5 d4 67. Kf5 Kd5 68. Kf4 Kc4 69. Na6 Kb5 70. Nb8 Nd6 71. Kf3 f5 72. Kf4 Kxb4 73. Nxc6+ Kc3 74. Ke5 d3 0-1

[Event "Charlesbourg Le Khalif"]
[Site "Charlesbourg CAN"]
[Date "2004.02.16"]
[Round "2"]
[White "Lessard, Claude"]
[Black "Turcot, Jean"]
[Result "1-0"]
[WhiteElo "2001"]
[BlackElo "1552"]
[PlyCount "109"]
[GameId "2160767911192056"]
[EventDate "2004.02.09"]
[EventType "swiss"]
[EventRounds "5"]
[EventCountry "CAN"]
[SourceTitle "EXT 2005"]
[Source "ChessBase"]
[SourceDate "2004.11.15"]
[SourceVersion "1"]
[SourceVersionDate "2004.11.15"]
[SourceQuality "1"]

1. d4 Nf6 2. Nf3 b6 3. c4 Bb7 4. Nc3 e6 5. a3 Be7 6. Qc2 d5 7. e3 O-O 8. cxd5 exd5 9. Bd3 Ba6 10. Bxa6 Nxa6 11. Qd3 Nb8 12. O-O Nbd7 13. b4 Re8 14. Bb2 Bf8 15. Rac1 c6 16. Ne2 Rc8 17. Ne5 Re6 18. Nf4 Rd6 19. a4 b5 20. a5 a6 21. Rc2 Ne4 22. f3 Ng5 23. Rfc1 Nb8 24. Qb3 Ne6 25. Ne2 Qe8 26. Ng3 g6 27. e4 Nf4 28. exd5 Rxd5 29. Ne4 Qe6 30. Ng5 Qe7 31. Ne4 Qe6 32. g3 Rxe5 33. Qxe6 Rxe6 34. gxf4 Rd8 35. d5 cxd5 36. Nf6+ Kg7 37. Ng4+ d4 38. Rc8 Red6 39. Ne5 Rxc8 40. Rxc8 Nd7 41. Nc6 Nf6 42. Bxd4 Rxd4 43. Nxd4 Bxb4 44. Nb3 Nd7 45. Rc6 h5 46. Rxa6 Nc5 47. Nxc5 Bxc5+ 48. Kf1 b4 49. Rc6 Ba7 50. Rc4 b3 51. Rb4 Be3 52. a6 Kf6 53. Rxb3 Bc5 54. Rb7 Kf5 55. Rb5 1-0

[Event "Charlesbourg Le Khalif"]
[Site "Charlesbourg CAN"]
[Date "2004.02.16"]
[Round "2"]
[White "Plante, Rejean"]
[Black "Gaudreau, Eric"]
[Result "1-0"]
[WhiteElo "2183"]
[BlackElo "1622"]
[PlyCount "123"]
[GameId "2160767911192057"]
[EventDate "2004.02.09"]
[EventType "swiss"]
[EventRounds "5"]
[EventCountry "CAN"]
[SourceTitle "EXT 2005"]
[Source "ChessBase"]
[SourceDate "2004.11.15"]
[SourceVersion "1"]
[SourceVersionDate "2004.11.15"]
[SourceQuality "1"]

1. c4 Nf6 2. Nf3 e6 3. g3 d5 4. Bg2 c5 5. O-O Nc6 6. cxd5 exd5 7. d4 Be7 8. b3 O-O 9. Bb2 Bf5 10. Nc3 Ne4 11. dxc5 Nxc3 12. Bxc3 Bxc5 13. Qd2 d4 14. Bb2 Be4 15. Rac1 Qd5 16. Nh4 Bxg2 17. Nxg2 Rfe8 18. Nf4 Qd6 19. Nd3 Ba3 20. Rc2 Bxb2 21. Nxb2 Re4 22. Rd1 Rae8 23. Re1 Qe6 24. Nd3 Ne5 25. Kg2 Nxd3 26. Qxd3 Qe5 27. Kg1 g6 28. h3 Qh5 29. Kg2 Qe5 30. Qc4 d3 31. Qxd3 Rd4 32. Qf3 Qe4 33. Qxe4 Rdxe4 34. e3 R8e7 35. Rd1 Kg7 36. Kf3 R4e5 37. Rd4 Ra5 38. Ke2 Rae5 39. Kd3 f5 40. Rc8 g5 41. Ra8 a6 42. Rad8 f4 43. gxf4 gxf4 44. Rxf4 Rh5 45. h4 Rc5 46. e4 Rc1 47. Rd5 h6 48. f3 Rec7 49. Kd4 R1c2 50. Ke5 Rxa2 51. Ke6 Rg2 52. Rd7+ Rxd7 53. Kxd7 Rb2 54. e5 Rxb3 55. e6 Rd3+ 56. Ke7 b5 57. Rf7+ Kg8 58. f4 b4 59. f5 b3 60. f6 b2 61. Rf8+ Kh7 62. Rb8 1-0

[Event "Charlesbourg Le Khalif"]
[Site "Charlesbourg CAN"]
[Date "2004.02.23"]
[Round "3"]
[White "Beaudoin, Stephane"]
[Black "Bonneau, Daniel"]
[Result "1-0"]
[WhiteElo "2021"]
[BlackElo "1985"]
[PlyCount "79"]
[GameId "2160767911192058"]
[EventDate "2004.02.09"]
[EventType "swiss"]
[EventRounds "5"]
[EventCountry "CAN"]
[SourceTitle "EXT 2005"]
[Source "ChessBase"]
[SourceDate "2004.11.15"]
[SourceVersion "1"]
[SourceVersionDate "2004.11.15"]
[SourceQuality "1"]

1. e4 d6 2. d4 Nf6 3. Nc3 g6 4. Nf3 Bg7 5. h3 O-O 6. Be3 c6 7. a4 d5 8. e5 Ne4 9. Bd3 Nxc3 10. bxc3 c5 11. O-O Nc6 12. Bb5 c4 13. Bxc6 bxc6 14. Qd2 Be6 15. Rfb1 Qd7 16. Rb4 a5 17. Rb6 Rfb8 18. Rab1 Qc7 19. Rxb8+ Rxb8 20. Qc1 Rb6 21. Nd2 Bd7 22. Nf3 Qb7 23. Rxb6 Qxb6 24. Qa3 Bf8 25. Qc5 Qc7 26. e6 Bxe6 27. Ne5 Bf5 28. Nxc6 e6 29. Qb5 Bxc2 30. Nxa5 Kg7 31. Nc6 Bd6 32. a5 Bh2+ 33. Kh1 Bf4 34. Ne5 Bxe3 35. fxe3 Qe7 36. a6 Qa3 37. Qb7 Be4 38. Qxf7+ Kh6 39. Ng4+ Kg5 40. Qf4+ 1-0

[Event "Charlesbourg Le Khalif"]
[Site "Charlesbourg CAN"]
[Date "2004.02.23"]
[Round "3"]
[White "Fecteau, Martin"]
[Black "Plante, Rejean"]
[Result "1/2-1/2"]
[WhiteElo "1969"]
[BlackElo "2183"]
[PlyCount "110"]
[GameId "2160767911192059"]
[EventDate "2004.02.09"]
[EventType "swiss"]
[EventRounds "5"]
[EventCountry "CAN"]
[SourceTitle "EXT 2005"]
[Source "ChessBase"]
[SourceDate "2004.11.15"]
[SourceVersion "1"]
[SourceVersionDate "2004.11.15"]
[SourceQuality "1"]

1. e4 c5 2. Nf3 e6 3. d4 cxd4 4. Nxd4 a6 5. Nc3 Qc7 6. Bd3 Nc6 7. Nde2 b5 8. Bf4 d6 9. O-O Nf6 10. a3 Bb7 11. Qd2 Be7 12. h3 Ne5 13. b3 O-O 14. Rfc1 Rfd8 15. Qe1 Rac8 16. Bd2 d5 17. exd5 exd5 18. Nd4 Re8 19. Nce2 Ng6 20. Bf5 Ra8 21. Ba5 Qe5 22. Qc3 Bd6 23. g3 Ne4 24. Qf3 Ne7 25. Bd7 Rf8 26. h4 Bc5 27. Rd1 Kh8 28. Rab1 Nf6 29. Bh3 Ne4 30. Be1 Rad8 31. b4 Bb6 32. Qd3 Nd6 33. Bc3 Qe4 34. Bg2 Qxd3 35. cxd3 Rc8 36. Bb2 Kg8 37. Bh3 Rcd8 38. Rbc1 Rfe8 39. Re1 Bc8 40. Bg2 Ndf5 41. Kf1 Bb7 42. Bh3 Nxd4 43. Bxd4 Bxd4 44. Nxd4 Kf8 45. Rc7 Bc8 46. Bg2 Rd7 47. Rec1 Rxc7 48. Rxc7 g6 49. Rc5 Bb7 50. f4 Rc8 51. Bh3 Rxc5 52. bxc5 Ke8 53. Ke2 Kd8 54. Kd2 Kc7 55. Kc3 Nc6 1/2-1/2

[Event "Charlesbourg Le Khalif"]
[Site "Charlesbourg CAN"]
[Date "2004.02.23"]
[Round "3"]
[White "Lapierre, Gaetan"]
[Black "Lessard, Claude"]
[Result "0-1"]
[WhiteElo "1883"]
[BlackElo "2001"]
[PlyCount "52"]
[GameId "2160767911192060"]
[EventDate "2004.02.09"]
[EventType "swiss"]
[EventRounds "5"]
[EventCountry "CAN"]
[SourceTitle "EXT 2005"]
[Source "ChessBase"]
[SourceDate "2004.11.15"]
[SourceVersion "1"]
[SourceVersionDate "2004.11.15"]
[SourceQuality "1"]

1. Nf3 d5 2. d4 Nf6 3. e3 g6 4. Be2 Bg7 5. O-O O-O 6. Nbd2 c6 7. a4 Na6 8. Ne5 Nd7 9. Bxa6 Nxe5 10. Be2 Nd7 11. f4 Nf6 12. g4 Qd7 13. g5 Ne8 14. Rf3 Nd6 15. Qe1 Qc7 16. Rf2 c5 17. c3 cxd4 18. cxd4 Bf5 19. h4 Rac8 20. Nf1 Qb6 21. Ng3 Rc2 22. a5 Qc7 23. Nxf5 Nxf5 24. Bd1 Rxc1 25. Rxc1 Qxc1 26. Re2 Nxe3 0-1

[Event "Charlesbourg Le Khalif"]
[Site "Charlesbourg CAN"]
[Date "2004.02.23"]
[Round "3"]
[White "Marois, Remi"]
[Black "Bluteau, Yvon"]
[Result "1-0"]
[WhiteElo "1392"]
[BlackElo "1649"]
[PlyCount "71"]
[GameId "2160767911192061"]
[EventDate "2004.02.09"]
[EventType "swiss"]
[EventRounds "5"]
[EventCountry "CAN"]
[SourceTitle "EXT 2005"]
[Source "ChessBase"]
[SourceDate "2004.11.15"]
[SourceVersion "1"]
[SourceVersionDate "2004.11.15"]
[SourceQuality "1"]

1. e4 c5 2. Nf3 e6 3. d4 cxd4 4. Nxd4 Nf6 5. Nc3 Bb4 6. Ndb5 Nc6 7. Nd6+ Bxd6 8. Qxd6 Qe7 9. Bf4 O-O 10. Qxe7 Nxe7 11. Bd6 Re8 12. f3 a6 13. O-O-O b6 14. Na4 Ra7 15. Nxb6 Rb7 16. Nxc8 Nxc8 17. Bxa6 Rb6 18. Bxc8 Rxc8 19. Be5 Rbc6 20. c3 d6 21. Rxd6 Rc5 22. Bxf6 gxf6 23. Rhd1 Kg7 24. Kc2 Rg5 25. R1d2 h5 26. Ra6 h4 27. h3 Kh6 28. a4 Rcg8 29. Rad6 Rxg2 30. Rxg2 Rxg2+ 31. Rd2 Rg3 32. a5 Rxh3 33. a6 Rg3 34. Rd8 Rg2+ 35. Kb3 Rg5 36. Kb4 1-0

[Event "Charlesbourg Le Khalif"]
[Site "Charlesbourg CAN"]
[Date "2004.03.01"]
[Round "4"]
[White "Bonneau, Daniel"]
[Black "Lalonde, Stephane"]
[Result "1-0"]
[WhiteElo "1985"]
[BlackElo "1237"]
[PlyCount "81"]
[GameId "2160767911192062"]
[EventDate "2004.02.09"]
[EventType "swiss"]
[EventRounds "5"]
[EventCountry "CAN"]
[SourceTitle "EXT 2005"]
[Source "ChessBase"]
[SourceDate "2004.11.15"]
[SourceVersion "1"]
[SourceVersionDate "2004.11.15"]
[SourceQuality "1"]

1. d4 d5 2. c4 e6 3. Nc3 Nf6 4. cxd5 exd5 5. Bg5 Nbd7 6. e3 c6 7. Bd3 Be7 8. Qc2 h6 9. Bh4 O-O 10. Nge2 Re8 11. O-O b6 12. f3 c5 13. Bb5 a6 14. Bc6 Rb8 15. Bg3 Bb7 16. Bxd7 Qxd7 17. Bxb8 Rxb8 18. Rad1 Qe6 19. Qd2 Re8 20. Nf4 Qd7 21. Kh1 cxd4 22. exd4 Bd6 23. Nd3 Qc7 24. g3 b5 25. Rfe1 Qc4 26. Rxe8+ Nxe8 27. Qe3 Kf8 28. Ne5 Bxe5 29. Qxe5 b4 30. Na4 Qxa2 31. Nc5 Bc6 32. Qe2 Bb5 33. Qc2 Nf6 34. Re1 a5 35. Nd3 Bc4 36. Ne5 a4 37. Qf5 Bb5 38. Qc8+ Be8 39. Nd7+ Kg8 40. Nxf6+ gxf6 41. Rxe8+ 1-0

[Event "Charlesbourg Le Khalif"]
[Site "Charlesbourg CAN"]
[Date "2004.03.01"]
[Round "4"]
[White "Lessard, Claude"]
[Black "Beaudoin, Stephane"]
[Result "0-1"]
[WhiteElo "2001"]
[BlackElo "2021"]
[PlyCount "52"]
[GameId "2160767911192063"]
[EventDate "2004.02.09"]
[EventType "swiss"]
[EventRounds "5"]
[EventCountry "CAN"]
[SourceTitle "EXT 2005"]
[Source "ChessBase"]
[SourceDate "2004.11.15"]
[SourceVersion "1"]
[SourceVersionDate "2004.11.15"]
[SourceQuality "1"]

1. d4 Nf6 2. Nf3 e6 3. g3 c5 4. Bg2 Nc6 5. O-O Be7 6. b3 O-O 7. Bb2 d5 8. Nbd2 Qc7 9. c4 Rd8 10. cxd5 Nxd4 11. Nxd4 cxd4 12. Rc1 Qb8 13. dxe6 fxe6 14. Nc4 e5 15. Qd2 Be6 16. Qg5 e4 17. Rfd1 Nd5 18. Qe5 Qxe5 19. Nxe5 Nc3 20. Bxc3 dxc3 21. Rxd8+ Rxd8 22. Bxe4 Rd2 23. Rxc3 Bh3 24. Rc1 Rxe2 25. g4 Rxe4 26. Rc8+ Bf8 0-1

[Event "Charlesbourg Le Khalif"]
[Site "Charlesbourg CAN"]
[Date "2004.03.01"]
[Round "4"]
[White "Marois, Remi"]
[Black "Fecteau, Martin"]
[Result "1/2-1/2"]
[WhiteElo "1392"]
[BlackElo "1969"]
[PlyCount "68"]
[GameId "2160767911192064"]
[EventDate "2004.02.09"]
[EventType "swiss"]
[EventRounds "5"]
[EventCountry "CAN"]
[SourceTitle "EXT 2005"]
[Source "ChessBase"]
[SourceDate "2004.11.15"]
[SourceVersion "1"]
[SourceVersionDate "2004.11.15"]
[SourceQuality "1"]

1. e4 c5 2. Nf3 d6 3. d4 cxd4 4. Nxd4 Nf6 5. Nc3 a6 6. Bc4 e6 7. Bb3 Bd7 8. Be3 Nc6 9. f4 Qc7 10. Qf3 Be7 11. g4 g6 12. a3 Rb8 13. O-O-O Na5 14. Kb1 b5 15. f5 Nxb3 16. cxb3 e5 17. Nc2 h6 18. Nb4 Qb7 19. Nbd5 Nxd5 20. Nxd5 gxf5 21. gxf5 Bc6 22. f6 Bxd5 23. Rxd5 Bf8 24. Rhd1 Rg8 25. Qf5 Qc7 26. Bc5 Rg5 27. Bxd6 Bxd6 28. Qh7 Bf8 29. Rd7 Qxd7 30. Rxd7 Kxd7 31. Qxf7+ Kc6 32. Qd5+ Kc7 33. Qf7+ Kb6 34. Qe6+ Kc7 1/2-1/2

[Event "Charlesbourg Le Khalif"]
[Site "Charlesbourg CAN"]
[Date "2004.03.01"]
[Round "4"]
[White "Plante, Rejean"]
[Black "Sauve, Richard"]
[Result "1-0"]
[WhiteElo "2183"]
[BlackElo "1992"]
[PlyCount "69"]
[GameId "2160767911192065"]
[EventDate "2004.02.09"]
[EventType "swiss"]
[EventRounds "5"]
[EventCountry "CAN"]
[SourceTitle "EXT 2005"]
[Source "ChessBase"]
[SourceDate "2004.11.15"]
[SourceVersion "1"]
[SourceVersionDate "2004.11.15"]
[SourceQuality "1"]

1. e4 e6 2. d4 d5 3. Nd2 Nf6 4. e5 Nfd7 5. c3 c5 6. f4 Nc6 7. Ndf3 Qb6 8. g3 cxd4 9. cxd4 f6 10. exf6 Nxf6 11. Ne2 Bb4+ 12. Kf2 O-O 13. Kg2 Ne4 14. a3 Be7 15. Nc3 Nxc3 16. bxc3 Bd7 17. Bd3 Rac8 18. Qc2 h6 19. Rb1 Qc7 20. Qe2 Nd8 21. Ne5 Bf6 22. Qg4 Be8 23. Bd2 Qe7 24. Ng6 Bxg6 25. Qxg6 Qxa3 26. Rhe1 Qd6 27. Qh7+ Kf7 28. Bg6+ Ke7 29. f5 Qa6 30. Bxh6 Kd6 31. Bxg7 Bxg7 32. Qxg7 Rxf5 33. Bxf5 exf5 34. Qe7+ Kc6 35. Qc5+ 1-0

[Event "Charlesbourg Le Khalif"]
[Site "Charlesbourg CAN"]
[Date "2004.03.08"]
[Round "5"]
[White "Beaudoin, Stephane"]
[Black "Plante, Rejean"]
[Result "0-1"]
[WhiteElo "2021"]
[BlackElo "2183"]
[PlyCount "116"]
[GameId "2160767911192066"]
[EventDate "2004.02.09"]
[EventType "swiss"]
[EventRounds "5"]
[EventCountry "CAN"]
[SourceTitle "EXT 2005"]
[Source "ChessBase"]
[SourceDate "2004.11.15"]
[SourceVersion "1"]
[SourceVersionDate "2004.11.15"]
[SourceQuality "1"]

1. e4 c5 2. Nf3 e6 3. d4 cxd4 4. Nxd4 a6 5. Bd3 Qc7 6. O-O Nf6 7. a4 Nc6 8. Nxc6 bxc6 9. f4 d5 10. e5 Nd7 11. c3 c5 12. c4 d4 13. Qg4 g6 14. Nd2 Rb8 15. Ne4 Be7 16. h4 h5 17. Qg3 Rb3 18. Nd2 Rb4 19. Ra3 Nf8 20. Ne4 Bd7 21. Bc2 Rxc4 22. Bb3 Rb4 23. Bd2 Rb8 24. f5 gxf5 25. Nd6+ Bxd6 26. exd6 Qc6 27. Rxf5 c4 28. Bd1 exf5 29. Qe5+ Kd8 30. Qxh8 Qxd6 31. Rf3 Rxb2 32. Bf4 Qc5 33. Qf6+ Kc8 34. Qxa6+ Kd8 35. Bd6 Qc6 36. Qa5+ Ke8 37. Qe5+ Be6 38. Qxd4 c3 39. Bxf8 Rd2 40. Qb4 Rxd1+ 41. Kh2 Qc7+ 42. Rg3 c2 43. Bh6 c1=Q 44. Bxc1 Rxc1 45. Qb5+ Kd8 46. a5 Ke7 47. a6 Rc4 48. Qb7 Rxh4+ 49. Kg1 Qxb7 50. axb7 Rb4 51. Rg5 Rxb7 52. Rxh5 Kf6 53. Rh8 f4 54. Rh6+ Kg5 55. Rh8 Rb2 56. Rg8+ Kf5 57. Rh8 Bd5 58. Rh5+ Ke6 0-1

[Event "Charlesbourg Le Khalif"]
[Site "Charlesbourg CAN"]
[Date "2004.03.08"]
[Round "5"]
[White "Sauve, Richard"]
[Black "Theriault, Jean-Louis"]
[Result "1-0"]
[WhiteElo "1992"]
[BlackElo "1533"]
[PlyCount "65"]
[GameId "2160767911192067"]
[EventDate "2004.02.09"]
[EventType "swiss"]
[EventRounds "5"]
[EventCountry "CAN"]
[SourceTitle "EXT 2005"]
[Source "ChessBase"]
[SourceDate "2004.11.15"]
[SourceVersion "1"]
[SourceVersionDate "2004.11.15"]
[SourceQuality "1"]

1. d4 Nf6 2. c4 e6 3. Nc3 d5 4. Bg5 Be7 5. e3 a6 6. Nf3 O-O 7. Bd3 dxc4 8. Bxc4 b5 9. Bd3 Bb7 10. O-O Nbd7 11. Rc1 c5 12. Bxf6 Bxf6 13. Ne4 Be7 14. Nxc5 Bxc5 15. dxc5 Bxf3 16. gxf3 Qg5+ 17. Kh1 Nxc5 18. Bxh7+ Kxh7 19. Qc2+ g6 20. Qxc5 Qf6 21. f4 Qxb2 22. Rc2 Qf6 23. Rd1 Rac8 24. Qxc8 Rxc8 25. Rxc8 Qb2 26. Rd7 Kh6 27. Rxf7 Kh5 28. Kg2 g5 29. Rg8 Kh6 30. fxg5+ Kh5 31. g6 Qxa2 32. g7 Kg6 33. Rd8 1-0

[Event "Charlesbourg Le Khalif"]
[Site "Charlesbourg CAN"]
[Date "2004.03.08"]
[Round "5"]
[White "Theriault, Francis"]
[Black "Bonneau, Daniel"]
[Result "0-1"]
[WhiteElo "1649"]
[BlackElo "1985"]
[PlyCount "60"]
[GameId "2160767911192068"]
[EventDate "2004.02.09"]
[EventType "swiss"]
[EventRounds "5"]
[EventCountry "CAN"]
[SourceTitle "EXT 2005"]
[Source "ChessBase"]
[SourceDate "2004.11.15"]
[SourceVersion "1"]
[SourceVersionDate "2004.11.15"]
[SourceQuality "1"]

1. d4 Nf6 2. c4 g6 3. Nc3 Bg7 4. e4 d6 5. Be2 O-O 6. Nf3 e5 7. d5 a5 8. Bg5 h6 9. Bh4 Na6 10. O-O Qe8 11. Nd2 h5 12. f3 Bd7 13. g4 hxg4 14. fxg4 Nh7 15. g5 f5 16. gxf6 Bxf6 17. Qe1 Qe7 18. Bxf6 Rxf6 19. Qg3 Raf8 20. Kg2 Ng5 21. Bg4 Bxg4 22. Qxg4 Rf4 23. Rxf4 Rxf4 24. Qg3 Nc5 25. Rf1 Qf6 26. h4 Rxf1 27. Nxf1 Ngxe4 28. Nxe4 Nxe4 29. Qe1 Qf4 30. Ne3 Kg7 0-1

[Event "Charlesbourg Millenium op"]
[Site "Charlesbourg CAN"]
[Date "2004.11.22"]
[Round "1"]
[White "Beaudoin, Stephane"]
[Black "Mooney, Michel"]
[Result "1-0"]
[WhiteElo "2086"]
[BlackElo "1539"]
[PlyCount "43"]
[GameId "2160767911052459"]
[EventDate "2004.11.22"]
[EventType "swiss"]
[EventRounds "5"]
[EventCountry "CAN"]
[SourceTitle "EXT 2006"]
[Source "ChessBase"]
[SourceDate "2005.11.24"]
[SourceVersion "1"]
[SourceVersionDate "2005.11.24"]
[SourceQuality "1"]

1. e4 c5 2. Nf3 d6 3. d4 cxd4 4. Nxd4 Nf6 5. Nc3 a6 6. Be3 e6 7. f3 Be7 8. Qd2 Qc7 9. O-O-O O-O 10. g4 Nc6 11. h4 Nxd4 12. Bxd4 b5 13. h5 b4 14. Na4 Nd7 15. g5 Bb7 16. g6 h6 17. gxf7+ Rxf7 18. Bh3 Rc8 19. Kb1 Bg5 20. Qxb4 Qxc2+ 21. Ka1 Re7 22. Qxb7 1-0

[Event "Charlesbourg Millenium op"]
[Site "Charlesbourg CAN"]
[Date "2004.11.22"]
[Round "1"]
[White "Boissinot, Claude"]
[Black "Bonneau, Daniel"]
[Result "1-0"]
[WhiteElo "1524"]
[BlackElo "1960"]
[PlyCount "59"]
[GameId "2160767911052460"]
[EventDate "2004.11.22"]
[EventType "swiss"]
[EventRounds "5"]
[EventCountry "CAN"]
[SourceTitle "EXT 2006"]
[Source "ChessBase"]
[SourceDate "2005.11.24"]
[SourceVersion "1"]
[SourceVersionDate "2005.11.24"]
[SourceQuality "1"]

1. e4 d6 2. d4 Nf6 3. Nc3 g6 4. f4 Bg7 5. Nf3 c5 6. dxc5 Qa5 7. Bd2 Qxc5 8. b4 Qxb4 9. Rb1 Qc5 10. Rb5 Qc7 11. e5 dxe5 12. fxe5 Nh5 13. Nd5 Qd7 14. g4 O-O 15. gxh5 Nc6 16. Bc3 Rd8 17. Qe2 b6 18. Qc4 Bb7 19. Be2 Rac8 20. hxg6 hxg6 21. Qh4 Ba6 22. Ng5 Bxb5 23. Bf3 Na5 24. Bb4 Rxc2 25. Qh7+ Kf8 26. Bxe7+ Qxe7 27. Nxe7 Kxe7 28. Qxg7 Rxa2 29. Qf6+ Kf8 30. Qxf7# 1-0

[Event "Charlesbourg Millenium op"]
[Site "Charlesbourg CAN"]
[Date "2004.11.22"]
[Round "1"]
[White "Filion, Rene"]
[Black "Gago, Nelson"]
[Result "0-1"]
[WhiteElo "1494"]
[BlackElo "1852"]
[PlyCount "66"]
[GameId "2160767911052462"]
[EventDate "2004.11.22"]
[EventType "swiss"]
[EventRounds "5"]
[EventCountry "CAN"]
[SourceTitle "EXT 2006"]
[Source "ChessBase"]
[SourceDate "2005.11.24"]
[SourceVersion "1"]
[SourceVersionDate "2005.11.24"]
[SourceQuality "1"]

1. e4 d6 2. d4 g6 3. f4 Bg7 4. Nf3 Nf6 5. Bd3 O-O 6. O-O c5 7. e5 Ng4 8. h3 Nh6 9. c3 Qc7 10. Nbd2 d5 11. dxc5 Qxc5+ 12. Nd4 Nc6 13. N2b3 Qb6 14. Kh1 a5 15. Nxc6 bxc6 16. Qe2 a4 17. Be3 Qc7 18. Nc5 Nf5 19. Qf3 Ra5 20. Bd4 h5 21. b4 axb3 22. Nxb3 Ra4 23. Qf2 h4 24. Bxf5 Bxf5 25. Qxh4 Rc4 26. Qe1 c5 27. Nxc5 Rxc5 28. Bxc5 Qxc5 29. Qd2 f6 30. Qd4 Qc6 31. a4 Be4 32. a5 Qe6 33. Qb6 Qxh3+ 0-1

[Event "Charlesbourg Millenium op"]
[Site "Charlesbourg CAN"]
[Date "2004.11.22"]
[Round "1"]
[White "Marois, Remi"]
[Black "Fecteau, Martin"]
[Result "1/2-1/2"]
[WhiteElo "1503"]
[BlackElo "1934"]
[PlyCount "93"]
[GameId "2160767911052463"]
[EventDate "2004.11.22"]
[EventType "swiss"]
[EventRounds "5"]
[EventCountry "CAN"]
[SourceTitle "EXT 2006"]
[Source "ChessBase"]
[SourceDate "2005.11.24"]
[SourceVersion "1"]
[SourceVersionDate "2005.11.24"]
[SourceQuality "1"]

1. e4 c5 2. Nf3 d6 3. d4 cxd4 4. Nxd4 Nf6 5. Nc3 Nc6 6. Bc4 Bd7 7. Bb3 g6 8. Be3 Bg7 9. f3 O-O 10. Qd2 Na5 11. Bh6 Rc8 12. Bxg7 Kxg7 13. h4 h5 14. O-O-O a6 15. Qg5 Rc5 16. Qe3 b5 17. a3 Qc7 18. Ba2 Nc4 19. Bxc4 Rxc4 20. Nd5 Nxd5 21. exd5 Re8 22. Rd2 e5 23. dxe6 Bxe6 24. Nxe6+ Rxe6 25. Qf2 Qe7 26. Kd1 Qf6 27. c3 Qf5 28. Kc1 Kg8 29. Rd4 Qc5 30. Qd2 a5 31. Rxc4 Qxc4 32. Re1 Rxe1+ 33. Qxe1 b4 34. axb4 axb4 35. Qe8+ Kh7 36. Kd2 bxc3+ 37. bxc3 Kg7 38. g3 Qa2+ 39. Ke3 Qg2 40. Kf4 Qd2+ 41. Qe3 Qc2 42. Qd4+ Kg8 43. Qxd6 Qxc3 44. Qd8+ Kg7 45. Qe7 Qc4+ 46. Qe4 Qc1+ 47. Qe3 1/2-1/2

[Event "Charlesbourg Millenium op"]
[Site "Charlesbourg CAN"]
[Date "2004.11.22"]
[Round "1"]
[White "Proteau, Denis"]
[Black "Gaudreau, Eric"]
[Result "0-1"]
[WhiteElo "1104"]
[BlackElo "1628"]
[PlyCount "42"]
[GameId "2160767911052464"]
[EventDate "2004.11.22"]
[EventType "swiss"]
[EventRounds "5"]
[EventCountry "CAN"]
[SourceTitle "EXT 2006"]
[Source "ChessBase"]
[SourceDate "2005.11.24"]
[SourceVersion "1"]
[SourceVersionDate "2005.11.24"]
[SourceQuality "1"]

1. e4 c5 2. Nf3 d6 3. b3 Nc6 4. Bb2 e5 5. Bc4 a6 6. O-O Be7 7. Re1 Nf6 8. h3 O-O 9. c3 Nxe4 10. Bxf7+ Rxf7 11. Rxe4 d5 12. Re2 e4 13. Nh2 Bd6 14. d4 cxd4 15. cxd4 Qg5 16. Bc1 Qh4 17. Be3 Bxh3 18. gxh3 Qxh3 19. f3 exf3 20. Rf2 Rf6 21. Qf1 Rg6+ 0-1

[Event "Charlesbourg Millenium op"]
[Site "Charlesbourg CAN"]
[Date "2004.11.22"]
[Round "1"]
[White "Turcot, Jean"]
[Black "Lessard, Claude"]
[Result "0-1"]
[WhiteElo "1504"]
[BlackElo "1948"]
[PlyCount "78"]
[GameId "2160767911052465"]
[EventDate "2004.11.22"]
[EventType "swiss"]
[EventRounds "5"]
[EventCountry "CAN"]
[SourceTitle "EXT 2006"]
[Source "ChessBase"]
[SourceDate "2005.11.24"]
[SourceVersion "1"]
[SourceVersionDate "2005.11.24"]
[SourceQuality "1"]

1. b4 d5 2. Bb2 Bf5 3. Nf3 Nf6 4. e3 e6 5. c4 c6 6. b5 cxb5 7. cxb5 Bxb1 8. Qxb1 Bd6 9. Be5 Bxe5 10. Nxe5 Nbd7 11. Nxd7 Qxd7 12. Qb2 O-O 13. Be2 Rac8 14. O-O Rc7 15. Rfc1 Rfc8 16. Rxc7 Qxc7 17. Bd3 Ng4 18. g3 Ne5 19. Be2 Nd7 20. Kf1 b6 21. d4 Nf6 22. f3 h5 23. Bd3 h4 24. g4 g5 25. Ke1 Ne8 26. Kd1 Nd6 27. Rc1 Nc4 28. Qe2 Qd6 29. Bxc4 dxc4 30. Qd2 c3 31. Qf2 e5 32. Kc2 exd4 33. exd4 Qa3 34. Kd1 Qa4+ 35. Ke1 Qxb5 36. Qc2 Qc4 37. Qf5 Re8+ 38. Kf2 Qe2+ 39. Kg1 Qe3+ 0-1